|
|
|
|
| LEADER |
00000nkm a2200000 a 4500 |
| 001 |
vtls011995926 |
| 003 |
SK-MaSNL |
| 005 |
20260512122613.0 |
| 007 |
kp ho |
| 008 |
231121q1927 xo g kuslo |
| 015 |
|
|
|a SNBG1927
|
| 035 |
|
|
|a urn:nbn:sk:snk-km00fcpf
|
| 035 |
|
|
|a urn:nbn:sk:snk-km45tmo
|
| 035 |
|
|
|a 2E2D2263-BE6A-4DBA-9D67-D410662AB867
|
| 040 |
|
|
|a SNK
|b slo
|c SNK
|e AACR2
|
| 041 |
0 |
|
|a slo
|
| 043 |
|
|
|a e-xo---
|
| 044 |
|
|
|a xo
|c SK
|
| 072 |
|
7 |
|a 908(437)
|x Vlastiveda Česka a Slovenska
|2 konspekt
|
| 080 |
|
|
|a 908(437.6)
|2 2011
|
| 080 |
|
|
|a 728.81
|2 2011
|
| 080 |
|
|
|a 556.53
|2 2011
|
| 080 |
|
|
|a 502.51
|2 2011
|
| 080 |
|
|
|a 624.21/.8
|2 2011
|
| 080 |
|
|
|a 725.95
|2 2011
|
| 080 |
|
|
|a (282.243)
|2 2011
|
| 080 |
|
|
|a 904(084.121)
|2 2011
|
| 245 |
0 |
0 |
|a Oravský Podzámok
|h grafika
|
| 260 |
|
|
|a Dolny Kubin
|b Vdova Jozefa Neumanna
|c [1927?]
|e [Prešov]
|f Lichtig
|
| 300 |
|
|
|a 1 pohľadnica
|b kolorovaná
|c 14 x 9 cm
|
| 520 |
8 |
|
|a Zobrazenie: Pohľad na Oravský hrad v pozadí na druhom brehu rieky Orava, ktorú vidno v popredí. Vpravo v popredí je v rieke jeden býk. Vpravo v pozadí je nad riekou most. Hradný kopec je zarastený hustými listnatými stromami a vpravo v hornom rohu zasahuje do záberu konár listnatého stromu
|
| 610 |
2 |
7 |
|a Oravský hrad (Oravský Podzámok, Slovensko)
|2 SNKKA
|9 32353
|
| 650 |
0 |
7 |
|a hrady
|2 SNKPH
|9 3039
|
| 650 |
0 |
7 |
|a rieky
|2 SNKPH
|9 29644
|
| 650 |
0 |
7 |
|a mosty
|2 SNKPH
|9 3015
|
| 651 |
|
7 |
|a Orava (Slovensko : rieka)
|2 SNKPHgeo
|9 70927
|
| 651 |
|
7 |
|a Oravský Podzámok (Slovensko)
|2 SNKPHgeo
|9 36830
|
| 655 |
|
7 |
|a geografické pohľadnice
|2 SNKPH
|9 70522
|
| 655 |
|
7 |
|a pohľadnice kultúrnych pamiatok
|2 SNKPH
|9 70523
|
| 752 |
|
|
|a Slovensko
|d Dolný Kubín
|
| 852 |
|
|
|a Slovenská národná knižnica
|
| 958 |
|
|
|a GC
|
| 958 |
|
|
|a GBN
|
| 958 |
|
|
|a OND
|
| 958 |
|
|
|a EUIPO
|
| 999 |
|
|
|c 613685
|d 615615
|
| 952 |
|
|
|a SNK
|b SNK
|y PREZ
|7 0
|p 17A1284960
|o snkSP 61311
|z Pohľadnica prešla poštou.
|0 0
|1 0
|4 0
|d 2020-10-05
|f 1
|l 0
|r 2026-02-23 16:30:50
|w 2026-02-23
|